Reden und Reisen eines Geometers
Saved in:
| Main Author: | |
|---|---|
| Format: | Book |
| Language: | German |
| Published: |
Berlin :
Deutscher Verlag der Wissenschaften,
1957
|
| Subjects: | |
| Tags: |
Add Tag
No Tags, Be the first to tag this record!
|
MARC
| LEADER | 00000cam a2200000 i 4500 | ||
|---|---|---|---|
| 001 | 1/19479 | ||
| 008 | 120514s1957 ger d | ||
| 035 | |l 10112447 | ||
| 040 | |a GR-MY-UA |b gre |e aacr | ||
| 041 | 0 | |a ger | |
| 082 | 0 | |a 510 |2 (22) | |
| 100 | 1 | |a Blaschke, Wilhelm, |d 1885-1962. | |
| 245 | 1 | 0 | |a Reden und Reisen eines Geometers / |c Wilhelm Blaschke |
| 260 | |a Berlin : |b Deutscher Verlag der Wissenschaften, |c 1957 | ||
| 300 | |a 115 σ.; |c 21 εκ. | ||
| 500 | |a Previously published under title: Mathematik und Leben | ||
| 650 | 0 | 0 | |a Mathematics. |
| 852 | |a INST |b SAMOS |c MAG |e 20120514 |h 510 BLA |p 005300033830 |q 005300033830 |t BK |y 0 | ||
| 901 | |a BIBL3-2012-1 | ||
| 909 | |a Σ |b 172262 | ||
| 970 | |a ΓΟΥΒΑΛΑ |b ΒΑΣΩ |z 2012/05/14 | ||